Základné ukazovatele za vybrané trhové služby za 1. štvrťrok 1998

Gespeichert in:
Bibliographische Detailangaben
Format: Buch
Sprache:Slowakisch
Englisch
Veröffentlicht: Bratislava Štatistický úrad Slovenskej republiky 1998
Schriftenreihe:Vnútorný obchod a služby
Tags: Tag hinzufügen
Keine Tags, Fügen Sie das erste Tag hinzu!

MARC

LEADER 00000nam a2200000 4500
001 c101942
005 20251126121445.5
041 0 |a slo 
041 0 |a eng 
044 |a SK 
245 1 0 |a Základné ukazovatele za vybrané trhové služby za 1. štvrťrok 1998 
264 1 |a Bratislava  |b Štatistický úrad Slovenskej republiky  |c 1998 
300 |a 32 s. 
490 1 |a Vnútorný obchod a služby 
830 0 |a Vnútorný obchod a služby